000 00534nam a2200181 a 4500
001 000009456
005 20240412074211.0
008 090930s1952 dr 000 p spa d
040 _aDO-SdBNP
082 _aRD861.4
_bR696h
100 1 _aRodríguez Cáceres, Amira
_924258
245 1 0 _aHojas caídas /
_cAmira Rodríguez Cáceres.
260 _aCiudad Trujillo, República Dominicana :
_bMontalvo,
_c1952.
300 _a112 p. ;
_c23 cm.
650 0 _aPoesía dominicana
_966
650 0 _aLiteratura dominicana.
_967
049 _aBNPD
999 _c9216
_d9216